000 00553nam a2200217Ia 4500
003 OSt
005 20220928143410.0
006 a|||||r|||| 00| 0
007 ta
008 220927b |||||||| |||| 00| 0 eng d
024 _a21985
037 _cTextual
040 _aSDCL
_cSDCL
_beng
041 _2eng
_aeng
082 _aO152,1N:g, M7
100 _aDhawan Yudhaveer
_9505337
245 0 _aSamkaleen lambi kavita ki pehchaan.
260 _c1987
942 _hO152,1N:g, M7
_cTEXL
_2CC
999 _c824007
_d824007